| 000 | 00000nam 2200000zi 4500 |
| 001 | 9.927217 |
| 003 | CaOODSP |
| 005 | 20250130124316 |
| 006 | m o d f |
| 007 | cr |n||||||||| |
| 008 | 230123e199308##onc ob f|0| 0 eng d |
| 040 | |aCaOODSP|beng|erda|cCaOODSP |
| 043 | |an-cn--- |
| 086 | 1 |aEn37-631/1993E-PDF |
| 245 | 00|aCanadian water quality and tissue residue guidelines for cadmium. |
| 264 | 1|aOttawa : |bEco-Health Branch, Ecosystems Sciences and Evaluation Directorate, Environment Canada, |cAugust 1993. |
| 300 | |a1 online resource (170 pages) : |bcharts |
| 336 | |atext|btxt|2rdacontent |
| 337 | |acomputer|bc|2rdamedia |
| 338 | |aonline resource|bcr|2rdacarrier |
| 500 | |aDigitized edition from print [produced by Environment and Climate Change Canada]. |
| 500 | |a"Draft." |
| 500 | |a"CCME Summary." |
| 504 | |aIncludes bibliographical references. |
| 520 | |a"Environmental quality guidelines are used by Canadian provincial, territorial and federal agencies in their efforts to assess water quality problems and to manage competing uses of water resources. Recognizing the increasing importance of environmental quality guidelines in this process, the Canadian Council of Ministers of the Environment asked its Task Force on Water Quality Guidelines to prepare environmental quality guidelines relevant to Canadian conditions"--Introduction, page [1]. |
| 650 | 0|aCadmium|xEnvironmental aspects|zCanada. |
| 650 | 0|aWater quality|xStandards|zCanada. |
| 650 | 6|aCadmium|xAspect de l'environnement|zCanada. |
| 650 | 6|aEau|xQualité|xNormes|zCanada. |
| 710 | 1 |aCanada. |bEnvironment Canada, |eissuing body. |
| 856 | 40|qPDF|s14.30 MB|uhttps://publications.gc.ca/collections/collection_2025/eccc/en37/En37-631-1993-eng.pdf |